| 000 | 00736nam a22002057a 4500 | ||
|---|---|---|---|
| 003 | OSt | ||
| 005 | 20260423041116.0 | ||
| 008 | 260423b |||||||| |||| 00| 0 eng d | ||
| 020 | _a971-08-5624-3. | ||
| 040 |
_aOC _cDWC-Main Lib |
||
| 082 |
_21993 revised edition _aFil. 301.42 N721f 1993 |
||
| 100 | _aNolledo, J. | ||
| 245 |
_aThe family code of the philippines: _b annotated _cNolledo, Jose N. |
||
| 250 | _a1993 revised edition | ||
| 260 |
_aManila: _b National Book Store, _c c1993. |
||
| 300 |
_axii, 456 pages ; _c 22 cm. |
||
| 504 | _aIncludes appendix and index. | ||
| 650 | _a1. Family Code - Philippines. | ||
| 942 |
_2ddc _cBK - FIL _e1993 revsised edition _hFil. 301.42 N721f 1993 _kFil. _n0 |
||
| 999 |
_c9783 _d9783 |
||